Gilmore Girls Characters - Statistics

General Stats
  • This quiz has been taken 1,804 times
  • The average score is 12 of 13
Answer Stats
Hint Answer % Correct
Main Characters Daughter Rory
100%
Diner Owner Luke
99%
Main Characters Mother Emily
98%
Main Characters Father Richard
98%
Main Characters Daughters First Boyfriend Dean
97%
Diner Owners Nephew Jess
97%
Main Characters Daughters Best Friend Lane
97%
Main Characters Daughters Yale Roommate Paris
97%
The Chef Sookie
97%
Main Character Lorelai
95%
The French Guy Michel
95%
The Chefs Husband Jackson
87%
Stars Hollow Dance Teacher Mrs Patty
41%
No matching quizzes found
Score Distribution
Percent of People with Each Score
Percentile by Number Answered
Your Score History
You have not taken this quiz